000 00286 a2200121 4500
005 20260224173529.0
020 _a9788126562947
100 _aMontgomery D.
_9216786
245 _aApplied Statistics And Probability For Engineers
250 _a6th
260 _bWILLY
_c2014
942 _cAR
999 _c370515
_d370515